| 000 | 00418nam a22001577a 4500 | ||
|---|---|---|---|
| 003 | OSt | ||
| 005 | 20241024120612.0 | ||
| 007 | 304 pages | ||
| 008 | 241024b |||||||| |||| 00| 0 eng d | ||
| 020 | _a9789386668479 | ||
| 040 | _c | ||
| 082 |
_a342.5402 _bSIN |
||
| 245 |
_aConstitution of India, professional ethics and human rights _cSingla, Shubham |
||
| 260 |
_bCengage _c2019 |
||
| 942 |
_2ddc _cBK _k342.5402 _mSIN _n0 |
||
| 999 |
_c36097 _d36097 |
||